[Event "IECG CP.2000.Q.00031 email"]
[Site "IECG email"]
[Date "2001.10.01"]
[Round "?"]
[White "Le Gall, Jacques"]
[Black "Lanin, Boris"]
[Result "0-1"]
[WhiteElo "2131"]
[BlackElo "2053"]
[PlyCount "44"]
[EventDate "2001.10.01"]
[EventType "tourn (corr)"]
[EventRounds "6"]
[EventCountry "GER"]
[SourceTitle "Corr 2024"]
[Source "ChessBase"]
[SourceDate "2023.10.19"]
[SourceVersion "1"]
[SourceVersionDate "2023.10.19"]
[SourceQuality "1"]

1. d4 Nf6 2. c4 g6 3. f3 Bg7 4. e4 d6 5. Nc3 0-0 6. Nge2 c5 7. d5 e6 8. Ng3 exd5 9. cxd5 Nbd7 10. Be2 a6 11. a4 h5 12. 0-0 h4 13. Nh1 Nh5 14. Be3 g5 15. Qd2 Nf4 16. Bxf4 gxf4 17. Qxf4 Ne5 18. Nf2 f5 19. exf5 Ng6 20. Qd2 Bxf5 21. Kh1 Qf6 22. Ng4 Bxg4 0-1

[Event "IECG CP.2000.Q.00031 email"]
[Site "IECG email"]
[Date "2001.10.01"]
[Round "?"]
[White "Siefring, Carl L"]
[Black "Le Gall, Jacques"]
[Result "1-0"]
[WhiteElo "2247"]
[BlackElo "2131"]
[PlyCount "24"]
[EventDate "2001.10.01"]
[EventType "tourn (corr)"]
[EventRounds "6"]
[EventCountry "GER"]
[SourceTitle "Corr 2024"]
[Source "ChessBase"]
[SourceDate "2023.10.19"]
[SourceVersion "1"]
[SourceVersionDate "2023.10.19"]
[SourceQuality "1"]

1. e4 e6 2. d4 d5 3. Nd2 c5 4. exd5 Qxd5 5. Ngf3 cxd4 6. Bc4 Qd6 7. Qe2 Nf6 8. Nb3 Nc6 9. Bg5 a6 10. 0-0-0 b5 11. Bd3 Be7 12. Nbxd4 Bb7 1-0

[Event "IECG CP.2000.P.00026"]
[Site "IECG email"]
[Date "2000.10.01"]
[Round "?"]
[White "Jibouleau, Jean"]
[Black "Le Gall, Jacques"]
[Result "0-1"]
[WhiteElo "1166"]
[BlackElo "2102"]
[PlyCount "112"]
[EventDate "2000.10.01"]
[EventType "tourn (corr)"]
[EventRounds "6"]
[EventCountry "FRA"]
[SourceTitle "Corr 2008"]
[Source "ChessBase"]
[SourceDate "2008.06.24"]
[SourceVersion "1"]
[SourceVersionDate "2008.06.24"]
[SourceQuality "1"]

1. e4 c5 2. Nf3 Nc6 3. d4 cxd4 4. Nxd4 Nf6 5. Nc3 e5 6. Ndb5 d6 7. Nd5 Nxd5 8. exd5 Nb8 9. Bd3 a6 10. Nc3 Be7 11. 0-0 0-0 12. Re1 f5 13. Ne2 Nd7 14. Ng3 Nc5 15. b4 Nxd3 16. Qxd3 f4 17. Ne4 Bf5 18. c4 Rc8 19. Bb2 f3 20. g3 Bg6 21. Qf1 Qd7 22. c5 dxc5 23. Rad1 cxb4 24. d6 Bf6 25. Qd3 Bd8 26. Re3 Bb6 27. Rxf3 Rxf3 28. Qxf3 Rf8 29. Nc5 Rxf3 30. Nxd7 Bxf2+ 31. Kg2 Be4 32. Kh3 Be3 33. Nxe5 Bf5+ 34. Kh4 Rf2 35. g4 Rxb2 36. gxf5 Bb6 37. Rc1 Bd8+ 38. Kg3 Rd2 39. d7 Kf8 40. Rc4 Ke7 41. Kf3 a5 42. Rc5 Rxa2 43. h4 Ra3+ 44. Ke2 Rh3 45. Rc4 b3 46. Kd2 Rh2+ 47. Kc1 Rc2+ 48. Rxc2 bxc2 49. h5 Kd6 50. Nd3 Kxd7 51. Kxc2 Kd6 52. Kb3 b5 53. Nf4 Ke5 54. Ne2 Kxf5 55. Nd4+ Kg4 56. Nxb5 Kxh5 0-1

[Event "IECG CP.2000.P.00026"]
[Site "IECG email"]
[Date "2000.10.01"]
[Round "?"]
[White "Le Gall, Jacques"]
[Black "Marziani, Corrado"]
[Result "1-0"]
[WhiteElo "2102"]
[BlackElo "800"]
[PlyCount "57"]
[EventDate "2000.10.01"]
[EventType "tourn (corr)"]
[EventRounds "6"]
[EventCountry "FRA"]
[SourceTitle "Corr 2008"]
[Source "ChessBase"]
[SourceDate "2008.06.24"]
[SourceVersion "1"]
[SourceVersionDate "2008.06.24"]
[SourceQuality "1"]

1. d4 Nf6 2. c4 c5 3. d5 g6 4. Nc3 d6 5. e4 Bg7 6. h3 0-0 7. Bd3 a6 8. Nf3 Bd7 9. 0-0 b5 10. Bg5 bxc4 11. Bxc4 Bb5 12. Nd2 Bxc4 13. Nxc4 Nbd7 14. Qd2 Re8 15. f4 Nb6 16. Ne3 Rb8 17. Rac1 Qd7 18. e5 dxe5 19. fxe5 Nh5 20. Ne4 Bxe5 21. Nxc5 Qb5 22. b3 Rbc8 23. a4 Qxc5 24. Rxc5 Rxc5 25. b4 Bc3 26. Qf2 Rcc8 27. Qxf7+ Kh8 28. Bxe7 Bd4 29. Bc5 1-0

[Event "Martinez op-A"]
[Site "Cannes"]
[Date "2000.08.05"]
[Round "8"]
[White "Daurelle, Herve"]
[Black "Le Gall, Jacques"]
[Result "1-0"]
[WhiteElo "2201"]
[BlackElo "2102"]
[PlyCount "55"]
[EventDate "2000.07.29"]
[EventType "swiss"]
[EventRounds "9"]
[EventCountry "FRA"]
[SourceTitle "EXT 2001"]
[Source "ChessBase"]
[SourceDate "2000.11.22"]
[SourceVersion "1"]
[SourceVersionDate "2000.11.22"]
[SourceQuality "1"]

1. e4 c6 2. c4 e5 3. Nf3 Qa5 4. g3 Nf6 5. Bg2 d6 6. Nc3 Be7 7. 0-0 0-0 8. d3 Bg4 9. h3 Bxf3 10. Bxf3 Nbd7 11. Rb1 a6 12. b4 Qc7 13. Be3 c5 14. Qb3 b6 15. Bg4 h6 16. Bxd7 Qxd7 17. Kh2 Rfb8 18. b5 a5 19. Qd1 Ne8 20. f4 Nc7 21. Rb2 Bf6 22. f5 Kf8 23. h4 Ke7 24. Na4 Ne8 25. Qe1 Kf8 26. g4 Bd8 27. g5 hxg5 28. hxg5 1-0

[Event "Martinez op-A"]
[Site "Cannes"]
[Date "2000.08.02"]
[Round "5"]
[White "Le Gall, Jacques"]
[Black "Arquie, Alexis"]
[Result "1-0"]
[WhiteElo "2102"]
[BlackElo "2023"]
[PlyCount "69"]
[EventDate "2000.07.29"]
[EventType "swiss"]
[EventRounds "9"]
[EventCountry "FRA"]
[SourceTitle "EXT 2001"]
[Source "ChessBase"]
[SourceDate "2000.11.22"]
[SourceVersion "1"]
[SourceVersionDate "2000.11.22"]
[SourceQuality "1"]

1. Nf3 c5 2. c4 Nc6 3. Nc3 g6 4. d4 cxd4 5. Nxd4 Bg7 6. e3 Nf6 7. g3 0-0 8. Bg2 Qc7 9. Qe2 d6 10. Nxc6 bxc6 11. 0-0 Be6 12. Bd2 Rab8 13. b3 Nd7 14. Rac1 Nc5 15. e4 Rfd8 16. f4 a5 17. f5 Bc8 18. Be3 Ra8 19. Qd2 Ba6 20. Rf4 g5 21. Rg4 f6 22. Bxg5 fxg5 23. Qxg5 e5 24. f6 Ne6 25. Qh6 Bc8 26. fxg7 Nxg7 27. Rh4 Ne6 28. Bh3 Re8 29. Rf1 Qe7 30. Bf5 Ra7 31. Qe3 Nf8 32. Qh6 Ne6 33. Na4 Ba6 34. Bxe6+ Qxe6 35. Rf8+ 1-0

[Event "FRA-chT2S 9798"]
[Site "France"]
[Date "1998.??.??"]
[Round "6"]
[White "Chappey, Edouard"]
[Black "Le Gall, Jacques"]
[Result "1-0"]
[WhiteElo "1890"]
[BlackElo "1950"]
[PlyCount "49"]
[EventDate "1997.??.??"]
[EventType "team"]
[EventRounds "9"]
[EventCountry "FRA"]
[SourceTitle "EXT 2003"]
[Source "ChessBase"]
[SourceDate "2002.11.25"]
[SourceVersion "1"]
[SourceVersionDate "2002.11.25"]
[SourceQuality "1"]

1. e4 c6 2. d4 d5 3. exd5 cxd5 4. Bd3 Nc6 5. c3 Nf6 6. f4 e6 7. Nf3 Qc7 8. 0-0 b6 9. Qe2 Be7 10. Ne5 0-0 11. Nd2 a6 12. Ndf3 b5 13. Nxc6 Qxc6 14. Ne5 Qb7 15. Rf3 Ne4 16. Re3 f5 17. Rh3 g6 18. Be3 Qc7 19. g4 Bb7 20. gxf5 exf5 21. Kh1 Kg7 22. Rg1 Rf6 23. Qh5 Rh8 24. Qh6+ Kg8 25. Nxg6 1-0

[Event "FRA-chT2S 9798"]
[Site "France"]
[Date "1998.??.??"]
[Round "11"]
[White "Pilotelle, Barbara"]
[Black "Le Gall, Jacques"]
[Result "1/2-1/2"]
[WhiteElo "2055"]
[BlackElo "1950"]
[PlyCount "84"]
[EventDate "1997.??.??"]
[EventType "team"]
[EventRounds "9"]
[EventCountry "FRA"]
[SourceTitle "EXT 2003"]
[Source "ChessBase"]
[SourceDate "2002.11.25"]
[SourceVersion "1"]
[SourceVersionDate "2002.11.25"]
[SourceQuality "1"]

1. e4 c6 2. d4 d5 3. e5 Bf5 4. Nf3 e6 5. Bd3 Bxd3 6. Qxd3 Qa5+ 7. Bd2 Qa6 8. Qe3 Ne7 9. Nh4 Ng6 10. Nxg6 hxg6 11. Nc3 Nd7 12. Ne2 c5 13. c3 Be7 14. 0-0 cxd4 15. cxd4 Rc8 16. Rfc1 0-0 17. Rc3 Rxc3 18. Bxc3 Rc8 19. a3 Nb6 20. Nf4 Nc4 21. Qg3 Qc6 22. Rc1 Nxb2 23. h4 Nc4 24. Bb4 Qe8 25. h5 g5 26. Nh3 f6 27. f4 Bxb4 28. axb4 Qxh5 29. exf6 gxf6 30. fxg5 f5 31. Nf4 Qg4 32. Qxg4 fxg4 33. Nxe6 Re8 34. Nc7 Re4 35. Nxd5 Rxd4 36. Nc7 Ne3 37. Kf2 Rc4 38. Rxc4 Nxc4 39. Kg3 b6 40. Nb5 a5 41. bxa5 bxa5 42. Kxg4 a4 1/2-1/2